| 000 | 00389nam a22001457a 4500 | ||
|---|---|---|---|
| 003 | SGT | ||
| 082 |
_a617.96 _bA23P |
||
| 100 | _aPALLAVI | ||
| 245 | _aA COMPARATIVE STUDY OF THREE LARYNGEAL MAN-OEUVRES TO IMPROVE VISUALIZATION OF GLOTTIS USING VIDEO LARYNGOSCOPE | ||
| 260 |
_aGURUGRAM _bSGT UNIVERSITY _c2023 |
||
| 300 | _a71 | ||
| 650 | _aANESTHESIA | ||
| 653 | _aM.D | ||
| 942 |
_2ddc _cTH |
||
| 999 |
_c26609 _d26609 |
||